| 000 | 00828nam a2200265Ia 4500 | ||
|---|---|---|---|
| 003 | GCL | ||
| 008 | 140319s9999 xx 000 0 ara d | ||
| 040 |
_aGCL / _cGCL |
||
| 082 | 0 | 4 |
_aق _b283.09 _bا ت |
| 100 | 1 | _aاديب نجيب سلامة | |
| 245 | 1 | 0 |
_aتاريخ الكنيسة الانجيلية فى مصر 1980-1854 م / _cاديب نجيب سلامة |
| 260 |
_a[S.N] : _bدار الثقافة العربية ، _c1982 |
||
| 300 | _a367 ص | ||
| 490 | _a | ||
| 650 | 0 | 4 | _aمصر |
| 650 | 0 | 4 | _aالتاريخ |
| 650 | 0 | 4 | _aالكنائس الشرقية |
| 650 | 0 | 4 | _aالارساليات التبشيرية |
| 650 | 0 | 4 | _aالبعثات |
| 650 | 0 | 4 | _aعلاقات |
| 650 | 0 | 4 | _aالرعاية الاجتماعية |
| 650 | 0 | 4 | _aتنظيم الكنيسة |
| 650 | 0 | 4 | _aالكنائس |
| 942 |
_2ddc _cBK |
||
| 999 |
_c31044 _d31044 |
||